000 00369nam a22001577a 4500
003 OSt
005 20240416110820.0
008 240416b |||||||| |||| 00| 0 eng d
040 _cMRSPTU
100 _aDeepti,Shyam Sunder
245 _aJawan Ho Rahe Dhiyaan Putt
250 _a1st
260 _aPunjab
_bPrerna Parkashan
_c2004
300 _a104
942 _2ddc
_cBK
_n0
999 _c10045
_d10045